Adjoint equations and analysis of complex systems
Αποθηκεύτηκε σε:
| Κύριος συγγραφέας: | |
|---|---|
| Μορφή: | Βιβλίο |
| Γλώσσα: | English |
| Δημοσίευση: |
Dordrecht ; Boston :
Kluwer Academic Publishers,
c1995
|
| Σειρά: | Mathematics and its applications ;
; v. 295 |
| Θέματα: | |
| Ετικέτες: |
Προσθήκη ετικέτας
Δεν υπάρχουν, Καταχωρήστε ετικέτα πρώτοι!
|
MARC
| LEADER | 00000nam a2200000 i 4500 | ||
|---|---|---|---|
| 001 | 1/7578 | ||
| 008 | 000622s1995 eng d | ||
| 020 | |a 0-7923-3013-7 | ||
| 035 | |l 10062334 | ||
| 040 | |a GR-MY-UA |b gre |e aacr | ||
| 041 | 0 | |a eng | |
| 082 | 0 | |a 515.352 | |
| 100 | 1 | |a Marchuk, G. I. |q (Gurii Ivanovich) |d 1925- | |
| 245 | 1 | 0 | |a Adjoint equations and analysis of complex systems / |c by Guri I. Marchuk |
| 260 | |a Dordrecht ; Boston : |b Kluwer Academic Publishers, |c c1995 | ||
| 300 | |a vii, 466 p.; |b ill., maps; |c 25 cm. | ||
| 490 | 1 | |a Mathematics and its applications |v ; v. 295 | |
| 504 | |a Includes bibliographical references and index | ||
| 650 | 0 | 0 | |a Adjoint differential equations. |
| 650 | 0 | 0 | |a Perturbation (Mathematics) |
| 650 | 0 | 0 | |a Differentiable dynamical systems. |
| 830 | 0 | |a Mathematics and its applications ; |v ; v. 295 | |
| 852 | |a INST |b SAMOS |e 20000622 |h 515.352 MAR |p 005300024427 |q 005300024427 |t BK |y 0 | ||
| 901 | |a BIBL3-2000-2 | ||
| 909 | |a Σ |b 080239 | ||
| 922 | |a 3ΕΛΗ |b 200004 |c ΚΠΣ |d GLORY | ||
| 950 | |a 116-1999-12-22 | ||
| 970 | |a ΚΟΣΙΕΡΗΣ |b ΧΡΗΣΤΟΣ |z 2000/06/22 | ||